000 00448nam a2200145Ia 4500
008 230917s9999||||xx |||||||||||||| ||und||
040 _e219563
_aMAIN
041 _aEnglish
082 _a891.432741 MK264K
100 _aमधुकान्त
245 0 _aकन्या भ्रूण की पुकार
260 _aनई दिल्ली
_bनवशिला प्रकाशन
_c2014
300 _a32 पृ. p.
942 _cHN
999 _c134967
_d134967